000 00769cam a22002531 4500
001 3098
003 BD-RjUL
005 20211208233656.0
008 131218s1962 nyu b 000 0 eng
035 _a(BD-RjUL)3132
035 _a(OCoLC)483984
040 _aDLC
_cOClU
_dNcRS
_dOCoLC
_dDLC
_dBD-RjUL
_beng
041 _aeng
082 0 0 _a338.27282
_218
_bLEP 1962
100 1 _aLeeman, Wayne A.
_99817
245 1 4 _aThe price of Middle East oil :
_ban essay in political economy /
_cWayne A Leeman.
260 _aIthaca, N.Y.,
_bCornell University Press
_cc1962.
300 _a274 p. ;
_c24 cm.
504 _aIncludes bibliography.
650 0 _aPetroleum industry and trade
_zMiddle East.
_99818
942 _2ddc
_cBK
999 _c3098
_d3098